[Event "Titled Tuesday intern op 25th Mar Early"]
[Site "Chess.com INT"]
[Date "2025.03.25"]
[Round "4"]
[White "Gutierrez Olivares, Daniel"]
[Black "Rian, Kapriaga"]
[Result "1-0"]
[WhiteElo "2354"]
[BlackElo "2096"]
[PlyCount "103"]
[EventDate "2025.03.25"]
[EventType "swiss (blitz)"]
[EventRounds "11"]
[EventCountry "USA"]
[SourceTitle "CB14_2025"]
[SourceDate "2024.11.01"]
[SourceVersion "1"]
[SourceVersionDate "2024.11.01"]
[SourceQuality "1"]

1. Nf3 d5 2. c4 c6 3. g3 Bg4 4. Bg2 e6 5. b3 Nd7 6. Bb2 Ngf6 7. Qc2 Bd6 8. d3 0-0 9. Nbd2 Re8 10. 0-0 a5 11. a3 h6 12. e4 dxe4 13. dxe4 e5 14. h3 Bh5 15. Nh4 Nf8 16. c5 Bc7 17. Nc4 Qe7 18. b4 axb4 19. axb4 Bg6 20. Rae1 Rad8 21. Re3 Nd5 22. Nxg6 Nxg6 23. exd5 cxd5 24. Nd2 b6 25. Rfe1 bxc5 26. bxc5 Qd7 27. c6 Qd6 28. Rd3 Qe6 29. Nb3 e4 30. Rdd1 Rd6 31. Nd4 Qc8 32. Nb5 Rdd8 33. Nxc7 Qxc7 34. Qc5 Ne7 35. Rc1 Rc8 36. Qd4 f6 37. Rc2 Red8 38. Rec1 Nf5 39. Qc5 Ne7 40. h4 Kh7 41. Bh3 Rb8 42. Bd7 Ng6 43. Qxd5 Re8 44. Qf5 Re7 45. h5 Rxb2 46. Qxg6+ Kg8 47. Rxb2 Re8 48. Qxe8+ Kh7 49. Bf5+ g6 50. Qxg6+ Kh8 51. Qxh6+ Kg8 52. Be6+ 1-0

[Event "Titled Tuesday intern op 25th Mar Early"]
[Site "Chess.com INT"]
[Date "2025.03.25"]
[Round "5"]
[White "Korneev, Svyatoslav"]
[Black "Rian, Kapriaga"]
[Result "1/2-1/2"]
[WhiteElo "2190"]
[BlackElo "2096"]
[PlyCount "159"]
[EventDate "2025.03.25"]
[EventType "swiss (blitz)"]
[EventRounds "11"]
[EventCountry "USA"]
[SourceTitle "CB14_2025"]
[SourceDate "2024.11.01"]
[SourceVersion "1"]
[SourceVersionDate "2024.11.01"]
[SourceQuality "1"]

1. c4 e5 2. Nc3 Nc6 3. Nf3 Nf6 4. g3 Bb4 5. Bg2 Bxc3 6. bxc3 d6 7. 0-0 0-0 8. d3 Bg4 9. Nd2 Rb8 10. Rb1 Qd7 11. Re1 Bh3 12. Bh1 Qg4 13. f3 Qd7 14. Nf1 Bxf1 15. Rxf1 h6 16. e4 a6 17. Be3 b5 18. cxb5 axb5 19. Rf2 b4 20. c4 Nd4 21. Bxd4 exd4 22. Rfb2 c5 23. a3 b3 24. Rxb3 Rxb3 25. Qxb3 Ra8 26. Bg2 Qa7 27. Bf1 h5 28. Qb6 Qd7 29. Rb3 h4 30. Qb5 Qe7 31. Qb7 Qd8 32. Qc6 Nh5 33. Qd5 Nf6 34. Qg5 hxg3 35. hxg3 Qa5 36. Rb2 Qe1 37. Re2 Qd1 38. Qd2 Qxd2 39. Rxd2 Rxa3 40. Be2 Ra1+ 41. Kf2 Ra6 42. f4 Nd7 43. Rb2 Kf8 44. Bg4 Nb6 45. e5 Ke7 46. exd6+ Kxd6 47. Bf3 Kc7 48. Be4 Ra3 49. Rb5 Nd7 50. Bf5 Ra2+ 51. Kf3 Ra3 52. Bxd7 Kxd7 53. Ke4 Kc6 54. Rb8 g6 55. g4 f5+ 56. gxf5 gxf5+ 57. Kxf5 Rxd3 58. Ra8 Rc3 59. Ra4 Re3 60. Kg6 Kd6 61. f5 Ke5 62. f6 Rg3+ 63. Kf7 Rf3 64. Ra6 d3 65. Re6+ Kd4 66. Ke7 Kxc4 67. f7 d2 68. Rd6 Rd3 69. f8Q Rxd6 70. Qf1+ Rd3 71. Qd1 Kd4 72. Ke6 c4 73. Kf5 c3 74. Qa4+ Ke3 75. Qd1 c2 76. Qg1+ Ke2 77. Qg2+ Ke3 78. Qg1+ Ke2 79. Qg2+ Ke3 80. Qg1+ 1/2-1/2

[Event "Titled Tuesday intern op 25th Mar Early"]
[Site "Chess.com INT"]
[Date "2025.03.25"]
[Round "2"]
[White "Rian, Kapriaga"]
[Black "Jia, Haoxiang"]
[Result "1-0"]
[WhiteElo "2096"]
[BlackElo "2316"]
[PlyCount "143"]
[EventDate "2025.03.25"]
[EventType "swiss (blitz)"]
[EventRounds "11"]
[EventCountry "USA"]
[SourceTitle "CB14_2025"]
[SourceDate "2024.11.01"]
[SourceVersion "1"]
[SourceVersionDate "2024.11.01"]
[SourceQuality "1"]

1. d4 Nf6 2. Nf3 g6 3. c4 Bg7 4. Nc3 0-0 5. Bg5 d6 6. e3 c5 7. d5 h6 8. Bh4 e6 9. Bd3 exd5 10. cxd5 Na6 11. 0-0 Nc7 12. e4 Re8 13. Re1 Rb8 14. a4 a6 15. a5 b5 16. axb6 Rxb6 17. Ra2 Nb5 18. Nd2 Nd4 19. Nc4 Rb8 20. Bg3 Bf8 21. Ne2 Nxe2+ 22. Rxe2 Nh5 23. Na5 Nxg3 24. hxg3 Bg4 25. f3 Bd7 26. Nc6 Bxc6 27. dxc6 Bg7 28. Ra4 Bd4+ 29. Rxd4 cxd4 30. Bxa6 Qb6 31. Bb7 d3+ 32. Rf2 Qe3 33. Qd2 Qd4 34. Kh2 Kh7 35. Rf1 Re5 36. g4 Rc5 37. Rd1 Rc2 38. Qf4 Qe5 39. Qxe5 dxe5 40. Rxd3 Rxb7 41. cxb7 Rxb2 42. Rd7 Kg7 43. Kg3 Kf6 44. Rc7 g5 45. Kh3 Kg6 46. Kg3 Kf6 47. Kh2 Kg6 48. Kg1 Kf6 49. Kf1 Ke6 50. Ke1 f6 51. Kd1 Kd6 52. Rf7 Kc6 53. Kc1 Rxb7 54. Rxf6+ Kc5 55. Rxh6 Kd4 56. Rg6 Rh7 57. Rxg5 Rh1+ 58. Kc2 Rh2 59. Rf5 Rxg2+ 60. Kb3 Rg1 61. g5 Rg2 62. Ka3 Rg1 63. Kb3 Rg2 64. Ka4 Rc2 65. Kb5 Rc5+ 66. Kb6 Rc1 67. Kb7 Rc2 68. g6 Rg2 69. Rf6 Rg3 70. Kc7 Ke3 71. Kd7 Rg5 72. Ke7 1-0

[Event "Titled Tuesday intern op 25th Mar Early"]
[Site "Chess.com INT"]
[Date "2025.03.25"]
[Round "9"]
[White "Rian, Kapriaga"]
[Black "Paramzina, Anastasya"]
[Result "0-1"]
[WhiteElo "2096"]
[BlackElo "2133"]
[PlyCount "80"]
[EventDate "2025.03.25"]
[EventType "swiss (blitz)"]
[EventRounds "11"]
[EventCountry "USA"]
[SourceTitle "CB14_2025"]
[SourceDate "2024.11.01"]
[SourceVersion "1"]
[SourceVersionDate "2024.11.01"]
[SourceQuality "1"]

1. d4 d5 2. Bf4 Nf6 3. e3 g6 4. Nf3 Bg7 5. h3 0-0 6. Nbd2 c5 7. c3 b6 8. Bd3 Bb7 9. 0-0 Nbd7 10. a4 Ne4 11. Qc2 f5 12. Bb5 a6 13. Bxd7 Qxd7 14. Be5 Bh6 15. a5 b5 16. Bf4 Bg7 17. Be5 Bh6 18. Nxe4 fxe4 19. Nh2 c4 20. Qe2 Qf5 21. f3 exf3 22. Rxf3 Qe4 23. Raf1 Rxf3 24. Rxf3 Rf8 25. Ng4 Bg5 26. Bf4 Bxf4 27. Qf2 Qb1+ 28. Qf1 Qxf1+ 29. Kxf1 Bg5 30. Ke2 Rxf3 31. gxf3 Bc8 32. Nf2 Bh4 33. Ng4 Bxg4 34. hxg4 h5 35. gxh5 gxh5 36. e4 e6 37. Kf1 Kg7 38. Kg2 Kg6 39. Kh3 Bg5 40. Kg3 Bc1 0-1

[Event "Titled Tuesday intern op 11th Mar Late"]
[Site "Chess.com INT"]
[Date "2025.03.11"]
[Round "4"]
[White "Rian, Kapriaga"]
[Black "Pribelszky, Bence Daniel"]
[Result "1-0"]
[WhiteElo "2096"]
[BlackElo "2400"]
[PlyCount "107"]
[EventDate "2025.03.11"]
[EventType "swiss (blitz)"]
[EventRounds "11"]
[EventCountry "USA"]
[SourceTitle "CB12_2025"]
[SourceDate "2025.03.19"]
[SourceVersion "1"]
[SourceVersionDate "2025.03.19"]
[SourceQuality "1"]

1. d4 d5 2. Bf4 Nf6 3. e3 g6 4. Nf3 Bg7 5. Be2 0-0 6. h3 b6 7. 0-0 Bb7 8. Nbd2 Nbd7 9. a4 a6 10. c3 c5 11. Ne5 Nxe5 12. Bxe5 Nd7 13. Bxg7 Kxg7 14. b4 c4 15. f4 b5 16. Bf3 e6 17. Qe1 Nb6 18. a5 Nd7 19. Rf2 f6 20. e4 dxe4 21. Bxe4 Bxe4 22. Qxe4 Re8 23. Re1 Nf8 24. Rfe2 Qd6 25. Nf3 Rad8 26. g4 Qd5 27. Qxd5 Rxd5 28. g5 Rf5 29. gxf6+ Rxf6 30. Ng5 Rxf4 31. Nxe6+ Nxe6 32. Rxe6 Rxe6 33. Rxe6 Rf3 34. Rxa6 Rxc3 35. Rb6 Rxh3 36. Rxb5 Rd3 37. Rc5 Rxd4 38. a6 Rg4+ 39. Kh2 Rd4 40. a7 Rd2+ 41. Kg3 Rd3+ 42. Kf2 Rd8 43. b5 Kf7 44. b6 Rd2+ 45. Ke1 Ra2 46. Rxc4 Rb2 47. a8Q Rxb6 48. Qa7+ Kf6 49. Qxb6+ Kg5 50. Rc5+ Kh6 51. Qb5 Kg7 52. Qc6 h5 53. Rg5 Kh6 54. Qxg6# 1-0

[Event "Titled Tuesday intern op 25th Feb Early"]
[Site "Chess.com INT"]
[Date "2025.02.25"]
[Round "10"]
[White "Bauer, Thomas"]
[Black "Rian, Kapriaga"]
[Result "1-0"]
[WhiteElo "2242"]
[BlackElo "2096"]
[PlyCount "89"]
[EventDate "2025.02.25"]
[EventType "swiss (blitz)"]
[EventRounds "11"]
[EventCountry "USA"]
[SourceTitle "CB10_2025"]
[SourceDate "2025.03.05"]
[SourceVersion "1"]
[SourceVersionDate "2025.03.05"]
[SourceQuality "1"]

1. e4 c6 2. d4 d5 3. e5 Bf5 4. Be3 e6 5. Nf3 Nd7 6. Be2 Ne7 7. 0-0 h6 8. a4 Bh7 9. a5 a6 10. c3 Nf5 11. Bd2 c5 12. Qa4 Rc8 13. Na3 cxd4 14. Nxd4 Bc5 15. Kh1 0-0 16. f4 Ba7 17. Qd1 Nc5 18. Bf3 Qh4 19. Nxf5 Bxf5 20. Be3 Bb8 21. g3 Qe7 22. Nc2 Be4 23. Bxc5 Bxf3+ 24. Rxf3 Rxc5 25. Nd4 Rc4 26. b3 Rc7 27. b4 Rfc8 28. Ne2 Ba7 29. Qd3 Rc4 30. Rd1 Qc7 31. g4 Re4 32. Ng3 Qc4 33. Nxe4 dxe4 34. Qxc4 Rxc4 35. Rg3 e3 36. Kg2 Rxf4 37. Rf3 Rxg4+ 38. Kf1 Rg2 39. Kxg2 e2 40. Re1 Kh7 41. Rxe2 Kg8 42. Rd3 b6 43. Rd8+ Kh7 44. Rd7 Bb8 45. axb6 1-0

[Event "Titled Tuesday intern op 25th Feb Early"]
[Site "Chess.com INT"]
[Date "2025.02.25"]
[Round "2"]
[White "Rian, Kapriaga"]
[Black "Suder, Jakub"]
[Result "0-1"]
[WhiteElo "2096"]
[BlackElo "2340"]
[PlyCount "80"]
[EventDate "2025.02.25"]
[EventType "swiss (blitz)"]
[EventRounds "11"]
[EventCountry "USA"]
[SourceTitle "CB10_2025"]
[SourceDate "2025.03.05"]
[SourceVersion "1"]
[SourceVersionDate "2025.03.05"]
[SourceQuality "1"]

1. d4 d5 2. Bf4 Nf6 3. e3 c5 4. c3 Nc6 5. Nd2 Bg4 6. f3 Bf5 7. g4 Bg6 8. h4 h6 9. Qb3 Qd7 10. Bb5 e6 11. Ne2 Bd6 12. Bxd6 Qxd6 13. f4 Nxg4 14. Nf1 c4 15. Qa4 h5 16. Neg3 Bd3 17. Rg1 g6 18. Rd1 Ke7 19. Rxd3 cxd3 20. Bxd3 a6 21. Ke2 b5 22. Qc2 Rac8 23. a3 f5 24. Nd2 Nd8 25. Nf3 Nf7 26. Ra1 Rc7 27. Qb3 Rb8 28. Rf1 a5 29. Ne5 Nfxe5 30. fxe5 Qb6 31. Qc2 b4 32. axb4 axb4 33. Bxf5 exf5 34. Nxf5+ gxf5 35. Qxf5 Qa6+ 36. Kd1 Qxf1+ 37. Qxf1 Nxe3+ 38. Ke2 Nxf1 39. Kxf1 bxc3 40. bxc3 Rb2 0-1

[Event "Titled Tuesday intern op 11th Feb Early"]
[Site "Chess.com INT"]
[Date "2025.02.11"]
[Round "2"]
[White "Antonio, Rogelio Jr"]
[Black "Rian, Kapriaga"]
[Result "1-0"]
[WhiteElo "2363"]
[BlackElo "2096"]
[PlyCount "75"]
[EventDate "2025.02.11"]
[EventType "swiss (blitz)"]
[EventRounds "11"]
[EventCountry "USA"]
[SourceTitle "CB09_2025"]
[SourceDate "2025.02.27"]
[SourceVersion "1"]
[SourceVersionDate "2025.02.27"]
[SourceQuality "1"]

1. e4 c6 2. Nc3 d5 3. Nf3 Bg4 4. h3 Bxf3 5. Qxf3 Nf6 6. d3 e6 7. Be2 Nbd7 8. g3 Bb4 9. 0-0 0-0 10. Qg2 Bxc3 11. bxc3 dxe4 12. dxe4 Qa5 13. Bd2 Rfd8 14. Rfd1 Nc5 15. e5 Nd5 16. c4 Nc3 17. Bf1 Qa3 18. Bc1 Qa4 19. Rxd8+ Rxd8 20. Bg5 Rd7 21. Qf3 N5e4 22. Be3 Qxc2 23. Qg4 Rd1 24. Rxd1 Qxd1 25. Qh4 h6 26. Qe7 g5 27. h4 Qf3 28. hxg5 Nxg3 29. Qd8+ Kh7 30. g6+ Kxg6 31. Qg8+ Kh5 32. Qxg3 Qxg3+ 33. fxg3 Nxa2 34. Bd2 c5 35. Bd3 Nb4 36. Be4 b6 37. Kg2 Kg4 38. Bxh6 1-0

[Event "Titled Tuesday intern op 11th Feb Early"]
[Site "Chess.com INT"]
[Date "2025.02.11"]
[Round "10"]
[White "Pribelszky, Bence Daniel"]
[Black "Rian, Kapriaga"]
[Result "1-0"]
[WhiteElo "2399"]
[BlackElo "2096"]
[PlyCount "69"]
[EventDate "2025.02.11"]
[EventType "swiss (blitz)"]
[EventRounds "11"]
[EventCountry "USA"]
[SourceTitle "CB09_2025"]
[SourceDate "2025.02.27"]
[SourceVersion "1"]
[SourceVersionDate "2025.02.27"]
[SourceQuality "1"]

1. c4 e5 2. Nc3 Nc6 3. e3 g6 4. d4 Bg7 5. d5 Nce7 6. g3 d6 7. Bg2 f5 8. Nge2 Nf6 9. 0-0 0-0 10. f4 a6 11. fxe5 dxe5 12. e4 h6 13. b3 Rf7 14. Ba3 Nh5 15. exf5 gxf5 16. Rc1 Ng6 17. Bf3 Nf6 18. Bg2 Nh5 19. d6 c6 20. c5 Be6 21. Na4 Qf8 22. Nd4 exd4 23. Qxh5 Kh7 24. Rce1 Re8 25. Kh1 Ne5 26. Nb6 Ng4 27. Bc1 Nf6 28. Qh4 Ng4 29. h3 Ne5 30. Bxh6 Bxh6 31. Rxe5 Qg7 32. Rfe1 Rf6 33. d7 Bxd7 34. Nxd7 Ref8 35. Re7 1-0

[Event "Titled Tuesday intern op 11th Feb Early"]
[Site "Chess.com INT"]
[Date "2025.02.11"]
[Round "7"]
[White "Rian, Kapriaga"]
[Black "Essing, Arnold"]
[Result "1-0"]
[WhiteElo "2096"]
[BlackElo "2215"]
[PlyCount "57"]
[EventDate "2025.02.11"]
[EventType "swiss (blitz)"]
[EventRounds "11"]
[EventCountry "USA"]
[SourceTitle "CB08_2025"]
[SourceDate "2025.02.19"]
[SourceVersion "1"]
[SourceVersionDate "2025.02.19"]
[SourceQuality "1"]

1. d4 d5 2. Bf4 e6 3. e3 Nf6 4. Nf3 Bd6 5. Ne5 0-0 6. Nd2 c5 7. c3 b6 8. Bd3 Bb7 9. Qf3 Nc6 10. Qh3 Ne7 11. g4 Ng6 12. Bg3 Ne4 13. f3 Nxd2 14. Kxd2 cxd4 15. exd4 Bxe5 16. Bxe5 f6 17. Bg3 Qd7 18. Rhe1 Rae8 19. Qh5 Bc8 20. Re2 Qf7 21. Rae1 f5 22. gxf5 exf5 23. Rxe8 Rxe8 24. Rxe8+ Qxe8 25. Bxf5 Bxf5 26. Qxf5 Qb5 27. b3 a5 28. Qe6+ Kh8 29. Qc8+ 1-0

[Event "Titled Tuesday intern op 11th Feb Early"]
[Site "Chess.com INT"]
[Date "2025.02.11"]
[Round "3"]
[White "Rian, Kapriaga"]
[Black "Rog, Bartlomiej"]
[Result "1/2-1/2"]
[WhiteElo "2096"]
[BlackElo "2304"]
[PlyCount "118"]
[EventDate "2025.02.11"]
[EventType "swiss (blitz)"]
[EventRounds "11"]
[EventCountry "USA"]
[SourceTitle "CB09_2025"]
[SourceDate "2025.02.27"]
[SourceVersion "1"]
[SourceVersionDate "2025.02.27"]
[SourceQuality "1"]

1. d4 d5 2. Nf3 Nf6 3. Bf4 c5 4. e3 e6 5. Nbd2 Bd6 6. Bg3 Qc7 7. c3 Nbd7 8. Bb5 a6 9. Bxd7+ Nxd7 10. dxc5 Nxc5 11. 0-0 0-0 12. c4 Bxg3 13. hxg3 dxc4 14. Nxc4 b5 15. Qd6 Qxd6 16. Nxd6 Rd8 17. Rfd1 Na4 18. Rab1 h6 19. Ne5 f6 20. Nc6 Rd7 21. Nxc8 Rxd1+ 22. Rxd1 Nxb2 23. Rd8+ Kh7 24. Kf1 Na4 25. Nd6 Rxd8 26. Nxd8 Nc3 27. a3 Nb1 28. Nxe6 Nxa3 29. Nc7 b4 30. Ne4 b3 31. Nxa6 b2 32. Nd2 b1Q+ 33. Nxb1 Nxb1 34. Nc5 Nc3 35. Ke1 Nd5 36. Kd2 f5 37. f3 Nf6 38. e4 Nh5 39. e5 Kg8 40. g4 fxg4 41. fxg4 Nf4 42. g3 Ng6 43. e6 Kf8 44. Ke3 Ke7 45. Ke4 Nf8 46. Ke5 Nh7 47. Kf5 Nf6 48. Kg6 Nxg4 49. Kxg7 Kd6 50. Kg6 Ne5+ 51. Kf5 Nc6 52. Kf6 Kxc5 53. e7 Nxe7 54. Kxe7 Kd5 55. Kf6 Ke4 56. Kg6 Kf3 57. Kxh6 Kg4 58. Kg6 Kh3 59. Kg5 Kxg3 1/2-1/2

[Event "Titled Tuesday intern op 04th Feb Early"]
[Site "Chess.com INT"]
[Date "2025.02.04"]
[Round "7"]
[White "Rian, Kapriaga"]
[Black "Kochiev, Ivan"]
[Result "1/2-1/2"]
[WhiteElo "2096"]
[BlackElo "2071"]
[PlyCount "96"]
[EventDate "2025.02.04"]
[EventType "swiss (blitz)"]
[EventRounds "11"]
[EventCountry "USA"]
[SourceTitle "CB07_2025"]
[SourceDate "2025.02.12"]
[SourceVersion "1"]
[SourceVersionDate "2025.02.12"]
[SourceQuality "1"]

1. d4 Nf6 2. Nf3 e6 3. Bf4 b6 4. e3 Bb7 5. Nbd2 Be7 6. h3 0-0 7. Bd3 a6 8. 0-0 c5 9. c3 d5 10. Ne5 Nbd7 11. Qf3 Nxe5 12. Bxe5 Bd6 13. Bxf6 Qxf6 14. Qxf6 gxf6 15. f4 f5 16. Kh2 h5 17. Rg1 Kg7 18. Nf3 Kf6 19. Ne5 Bxe5 20. fxe5+ Ke7 21. Raf1 h4 22. Rf4 Rh8 23. g4 hxg3+ 24. Rxg3 Rag8 25. Rxg8 Rxg8 26. Rh4 c4 27. Be2 b5 28. Rh7 Bc6 29. Bh5 Be8 30. Bf3 a5 31. h4 b4 32. h5 a4 33. a3 bxa3 34. bxa3 Bd7 35. h6 Rb8 36. Bh5 Rf8 37. Rg7 Be8 38. h7 Rh8 39. Kg3 Kf8 40. Rg8+ Rxg8+ 41. hxg8Q+ Kxg8 42. Kh4 Kg7 43. Kg5 Bd7 44. Bd1 Bc6 45. Bh5 Bb5 46. Bd1 Bc6 47. Bc2 Bb5 48. Bd1 Bc6 1/2-1/2

[Event "Titled Tuesday intern op 28th Jan Early"]
[Site "Chess.com INT"]
[Date "2025.01.28"]
[Round "4"]
[White "Mangialardo, Tiago Carvalho"]
[Black "Rian, Kapriaga"]
[Result "1/2-1/2"]
[WhiteElo "1979"]
[BlackElo "2096"]
[PlyCount "115"]
[EventDate "2025.01.28"]
[EventType "swiss (blitz)"]
[EventRounds "11"]
[EventCountry "USA"]
[SourceTitle "CB06_2025"]
[SourceDate "2025.02.05"]
[SourceVersion "1"]
[SourceVersionDate "2025.02.05"]
[SourceQuality "1"]

1. e4 c5 2. Nf3 Nc6 3. d4 cxd4 4. Nxd4 g6 5. Nc3 Bg7 6. Be3 Nf6 7. f3 0-0 8. Qd2 a6 9. Nxc6 dxc6 10. Qxd8 Rxd8 11. Bb6 Rf8 12. 0-0-0 Nd7 13. Bc7 Bxc3 14. bxc3 Nf6 15. Bb6 Be6 16. Kb2 Nd7 17. Be3 b5 18. Be2 Rfc8 19. Rd2 Ne5 20. Bc5 Nc4+ 21. Bxc4 Bxc4 22. Bxe7 a5 23. Bc5 Be6 24. Rhd1 Rcb8 25. Rd6 b4 26. Rxc6 bxc3+ 27. Kxc3 Bxa2 28. Rc7 Rc8 29. Rdd7 Be6 30. Re7 Rxc7 31. Rxc7 a4 32. Ba3 Rb8 33. g4 Ra8 34. h3 h5 35. gxh5 gxh5 36. h4 Rc8 37. Rxc8+ Bxc8 38. Kb4 Bd7 39. Kc5 Kg7 40. Kd6 Be6 41. Ke5 Kg6 42. f4 Bg4 43. f5+ Kg7 44. c4 Be2 45. c5 Bb5 46. Kd6 Bd3 47. Ke5 Bb5 48. f6+ Kf8 49. Kd6 Bd3 50. e5 Ke8 51. Kc7 Be4 52. c6 Bf3 53. Be7 Be4 54. Kd6 Bf3 55. Kc7 Be4 56. Ba3 Bf3 57. Kb6 Be4 58. Kc7 1/2-1/2

[Event "Titled Tuesday intern op 21st Jan Late"]
[Site "Chess.com INT"]
[Date "2025.01.21"]
[Round "5"]
[White "Rian, Kapriaga"]
[Black "Alves Campelo, Danilo Cesar De"]
[Result "0-1"]
[WhiteElo "2096"]
[BlackElo "2028"]
[PlyCount "114"]
[EventDate "2025.01.21"]
[EventType "swiss (blitz)"]
[EventRounds "11"]
[EventCountry "USA"]
[SourceTitle "CB05_2025"]
[SourceDate "2025.01.29"]
[SourceVersion "1"]
[SourceVersionDate "2025.01.29"]
[SourceQuality "1"]

1. d4 Nf6 2. Nf3 e6 3. Bg5 Be7 4. Nbd2 d5 5. e3 0-0 6. Bd3 Nbd7 7. Qe2 c5 8. c3 c4 9. Bc2 b5 10. e4 dxe4 11. Nxe4 Bb7 12. Ng3 h6 13. Bf4 Nd5 14. Bd2 N7f6 15. 0-0 Bd6 16. Rfe1 Qc7 17. Ne5 Nd7 18. Qh5 Bxe5 19. dxe5 f5 20. exf6 N7xf6 21. Qg6 Ne7 22. Rxe6 Nxg6 23. Bxg6 Rad8 24. Be3 Qd7 25. Bf5 Qc7 26. h3 Nd5 27. Bd4 Bc8 28. Rae1 Bxe6 29. Bxe6+ Kh8 30. Nf5 Nf6 31. Re3 Rde8 32. Nh4 Qd6 33. Ng6+ Kh7 34. Bf5 Rxe3 35. Nxf8+ Kg8 36. Bxe3 Qxf8 37. Bd4 Qd8 38. Be6+ Kh8 39. Bf5 a6 40. Be6 Nd5 41. Bg4 Qd6 42. Bf3 Ne7 43. g3 Nc6 44. Bxc6 Qxc6 45. h4 a5 46. b4 cxb3 47. axb3 a4 48. bxa4 bxa4 49. c4 Qxc4 50. Be5 a3 51. Kg2 a2 52. Kh3 Qd5 53. Bb2 Qd2 54. Bd4 Qxd4 55. f4 a1Q 56. Kg4 Qad1+ 57. Kf5 Q1d3+ 0-1

[Event "Titled Tuesday intern op 21st Jan Late"]
[Site "Chess.com INT"]
[Date "2025.01.21"]
[Round "2"]
[White "Rian, Kapriaga"]
[Black "Pasti, Aron"]
[Result "0-1"]
[WhiteElo "2096"]
[BlackElo "2372"]
[PlyCount "94"]
[EventDate "2025.01.21"]
[EventType "swiss (blitz)"]
[EventRounds "11"]
[EventCountry "USA"]
[SourceTitle "CB05_2025"]
[SourceDate "2025.01.29"]
[SourceVersion "1"]
[SourceVersionDate "2025.01.29"]
[SourceQuality "1"]

1. d4 Nf6 2. Nf3 e6 3. Bg5 Be7 4. e3 h6 5. Bh4 0-0 6. Nbd2 c5 7. c3 Nc6 8. Bd3 d6 9. 0-0 b6 10. Qe2 Bb7 11. Rfd1 cxd4 12. exd4 Nd5 13. Bg3 Bf6 14. Nc4 e5 15. Qe4 g6 16. Qxd5 Na5 17. Qxd6 e4 18. Nxa5 bxa5 19. Qc7 Qxc7 20. Bxc7 exf3 21. g3 a4 22. a3 Bc6 23. Re1 Rfc8 24. Be5 Bxe5 25. Rxe5 Rab8 26. Rb1 Rb6 27. d5 Bb5 28. Be4 Be2 29. Re7 Rcb8 30. h3 a6 31. g4 Kf8 32. Ra7 h5 33. Kh2 hxg4 34. hxg4 Kg7 35. Kg3 g5 36. c4 Bxc4 37. Rc1 Be2 38. Rcc7 Rf6 39. d6 Rd8 40. d7 Rd6 41. Bf5 Rd3 42. Rc8 R8xd7 43. Bxd7 Rd1 44. Be6 Rg1+ 45. Kh2 Kf6 46. Bxf7 Rg2+ 47. Kh1 Rxf2 0-1

[Event "Titled Tuesday intern op 14th Jan Early"]
[Site "Chess.com INT"]
[Date "2025.01.14"]
[Round "3"]
[White "Aveskulov, Valeriy"]
[Black "Rian, Kapriaga"]
[Result "1-0"]
[WhiteElo "2488"]
[BlackElo "2096"]
[PlyCount "79"]
[EventDate "2025.01.14"]
[EventType "swiss (blitz)"]
[EventRounds "11"]
[EventCountry "USA"]
[SourceTitle "CB04_2025"]
[SourceDate "2025.01.22"]
[SourceVersion "1"]
[SourceVersionDate "2025.01.22"]
[SourceQuality "1"]

1. e4 c6 2. Nf3 d5 3. d3 Bg4 4. Nbd2 Nd7 5. h3 Bxf3 6. Nxf3 e6 7. g3 Bd6 8. Bg2 Ngf6 9. Qe2 Qc7 10. Bd2 h6 11. Bc3 Be7 12. a4 a5 13. 0-0 0-0 14. Nh4 Ne8 15. Qh5 Bf6 16. d4 Bxh4 17. Qxh4 dxe4 18. Bxe4 Nef6 19. Bf3 Rfd8 20. g4 Nh7 21. Bd2 Ndf8 22. Be3 Ng6 23. Qg3 Qxg3+ 24. fxg3 Nf6 25. c3 Nd5 26. Bf2 b5 27. Rfc1 Rdb8 28. axb5 cxb5 29. b3 Ra6 30. Be1 a4 31. c4 bxc4 32. bxc4 Ne3 33. Rc3 Rb3 34. Rxb3 axb3 35. Rxa6 b2 36. Rb6 Nxc4 37. Rb8+ Kh7 38. Be2 Ne3 39. Rxb2 Nd5 40. Bd3 1-0

[Event "Titled Tuesday intern op 14th Jan Early"]
[Site "Chess.com INT"]
[Date "2025.01.14"]
[Round "10"]
[White "Fedorov, Artem Alek"]
[Black "Rian, Kapriaga"]
[Result "1-0"]
[WhiteElo "2236"]
[BlackElo "2096"]
[PlyCount "83"]
[EventDate "2025.01.14"]
[EventType "swiss (blitz)"]
[EventRounds "11"]
[EventCountry "USA"]
[SourceTitle "CB04_2025"]
[SourceDate "2025.01.22"]
[SourceVersion "1"]
[SourceVersionDate "2025.01.22"]
[SourceQuality "1"]

1. e4 c6 2. d4 d5 3. e5 Bf5 4. h4 h5 5. Bd3 Bxd3 6. Qxd3 e6 7. Nf3 Qa5+ 8. Nbd2 Qa6 9. c4 Ne7 10. 0-0 Nf5 11. b3 Be7 12. a4 Nxh4 13. Nxh4 Bxh4 14. Ba3 Nd7 15. a5 Bg5 16. f4 Be7 17. Bxe7 Kxe7 18. f5 Raf8 19. Qg3 Rhg8 20. fxe6 fxe6 21. Qg5+ Ke8 22. Qxh5+ g6 23. Qh3 Rf5 24. Qh7 Rgf8 25. Qxg6+ Ke7 26. Rxf5 Rxf5 27. g4 Rf7 28. g5 b6 29. Rf1 Rxf1+ 30. Kxf1 Qxa5 31. Ke2 Qc3 32. Qh7+ Ke8 33. g6 Qxd4 34. Qf7+ Kd8 35. Qxe6 Nxe5 36. g7 Kc7 37. g8Q Nd7 38. Qg3+ Kc8 39. Qe8+ Kb7 40. Qxd7+ Ka6 41. Qc8+ Ka5 42. b4+ 1-0

[Event "Titled Tuesday intern op 10th Sep Early"]
[Site "Chess,com INT"]
[Date "2024.09.10"]
[Round "4"]
[White "Lopez Idarraga, Daniel Eduardo"]
[Black "Rian, Kapriaga"]
[Result "1-0"]
[WhiteElo "1996"]
[BlackElo "2094"]
[PlyCount "79"]
[EventDate "2024.09.10"]
[EventType "swiss (blitz)"]
[EventRounds "11"]
[EventCountry "USA"]
[SourceTitle "EXT 2025"]
[Source "ChessBase"]
[SourceDate "2024.10.14"]
[SourceVersion "1"]
[SourceVersionDate "2024.10.14"]
[SourceQuality "1"]

1. d4 f5 2. Qd3 e6 3. g4 d6 4. Nc3 Nf6 5. g5 Nfd7 6. e4 g6 7. h4 Nc6 8. a3 Bg7 9. Nge2 0-0 10. h5 fxe4 11. Nxe4 e5 12. d5 Ne7 13. Be3 Nb6 14. N2c3 Bf5 15. 0-0-0 Qd7 16. Be2 Rf7 17. Rdg1 Raf8 18. Rh4 Bxe4 19. Qxe4 Nf5 20. Rhh1 Nd4 21. hxg6 hxg6 22. Qxg6 Qf5 23. Bh5 Qxg6 24. Bxg6 Rxf2 25. Bh7+ Kh8 26. Bxd4 exd4 27. Bf5+ Kg8 28. Be6+ R8f7 29. Ne4 Kf8 30. Nxf2 Rxf2 31. Rf1 Rxf1+ 32. Rxf1+ Ke8 33. Rf7 Be5 34. Rxc7 Na4 35. Rxb7 Nc5 36. Rxa7 d3 37. cxd3 Nxd3+ 38. Kc2 Nxb2 39. g6 Nc4 40. g7 1-0

[Event "Titled Tuesday intern op 23rd Jul Early"]
[Site "Chess.com INT"]
[Date "2024.07.23"]
[Round "1"]
[White "Rian, Kapriaga"]
[Black "Cuenca Jimenez, Jose Fernando"]
[Result "0-1"]
[WhiteElo "2089"]
[BlackElo "2479"]
[PlyCount "80"]
[EventDate "2024.07.23"]
[EventType "swiss (blitz)"]
[EventRounds "11"]
[EventCountry "USA"]
[SourceTitle "EXT 2025"]
[Source "ChessBase"]
[SourceDate "2024.10.14"]
[SourceVersion "1"]
[SourceVersionDate "2024.10.14"]
[SourceQuality "1"]

1. d4 Nf6 2. Nf3 g6 3. c4 Bg7 4. Nc3 0-0 5. Bg5 d6 6. e3 c5 7. d5 h6 8. Bh4 g5 9. Bg3 Nh5 10. Nd2 Nxg3 11. hxg3 a6 12. a4 e6 13. Bd3 f5 14. 0-0 e5 15. a5 e4 16. Be2 g4 17. f3 Qg5 18. f4 Qe7 19. Kf2 Nd7 20. Rh1 Rb8 21. Na4 b6 22. axb6 Nxb6 23. Nxb6 Rxb6 24. b3 Bxa1 25. Qxa1 Qg7 26. Qa5 Rb8 27. Bd1 Kh7 28. Bc2 Qe7 29. Rh5 Kg7 30. Rh1 Rh8 31. Rh5 Kg6 32. Rh4 h5 33. Nb1 Qd8 34. Qa1 Qf6 35. Qa5 Qe7 36. Nd2 Re8 37. Qa1 Bb7 38. Qa5 Rbc8 39. Ke2 Qc7 40. Qa1 a5 0-1